000 00686nam a22002177a 4500
008 150925b xxu||||| |||| 00| 0 eng d
020 _a9780071283403
041 0 _aeng
080 _a658.15
100 1 _aRoss, Stephen A.
245 1 0 _aEssentials of corporate finance /
_cStephen A. Ross, Randolph W. Westerfield, Bradford D. Jordan.
250 _a6th ed.
260 _aBoston :
_bMcGraw-Hill/Irwin,
_c2007.
300 _axxxvi, 620, f. :
_bme il.;
_c27 cm.
490 1 _aThe McGraw-Hill/Irwin series in finance, insurance, and real estate
650 0 _aFinancë
650 0 _aKorporata
700 1 _aWesterfield, Randolph.
700 1 _aJordan, Bradford D.
942 _2udc
_cBK
999 _c1186
_d1186